00824nam a22001937a 4500008004100000020001800041050002300059100003800082245011500120260003500235300003600270336001000306337001400316338001200330504004100342505018100383650003800564650002800602140328s2010 ag a|||| |||| 00| 0 spa d a9789501260892 aBF76.7 bC385 2010 aCayssials, Alicia Noelia eautora a¿ Cuali y/o Cuanti ?b : Aportes para elaborar informes integrativos en psicología c / Alicia N. Cayssials aArgentinab : Paidósc, 2010 a243 páginasb : ilustraciones atexto asin medio avolumen aIncluye: bibliografía (pp.241-243) aFundamentos teóricos de las técnicas y legitimidad de su integración Aplicación de las técnicas Aportes para la evaluación Integración y confección de informes 10aCOMUNICACIÓN EN LA PSICOLOGÍA20aREDACCIÓN DE INFORMES